| 000 | 00585nam a22002057a 4500 | ||
|---|---|---|---|
| 003 | BD-DhJNU | ||
| 005 | 20250317034025.0 | ||
| 008 | 250317b |||||||| |||| 00| 0 eng d | ||
| 020 | _a8120808533 | ||
| 020 | _a8120808541 | ||
| 040 |
_aBD-DhJNU _bENG _cBD-DhJNU _dBD-DhJNU |
||
| 082 |
_223 _a200 MAI |
||
| 100 | _aMasih, Y. | ||
| 245 |
_aIntroduction To Religious Philosophy / _cY. Masih |
||
| 260 |
_aNew Delhi : _bMotilal Banarsidass Publishers, _c2005. |
||
| 300 |
_axv, 410p. : _bill. ; _c22 cm |
||
| 504 | _aIncludes index | ||
| 650 | _aReligion Philosophy | ||
| 942 |
_2ddc _cBK _n0 |
||
| 999 |
_c1488 _d1488 |
||